LEADER 01399nam a2200325 a 4500 001 000000123827 003 CaOOAMICUS 005 20101126150155.0 008 101126t2010 it u000 u ita r 020 $a978-88-8272-466-5 040 $aPUL$bita 082 04$a305.4 100 1 $aSbai, Souad.$0(OLS)http://pul/name/78088 245 12$aL'inganno :$bvittime del multiculturalismo /$cSouad Sbai ; prefazione di Gaetano Quagliarello. 260 $aSiena :$bCantagalli,$cİ2010. 300 $a245 p. ;$c21 cm 490 1 $aIl Cenacolo dei Filosofi ;$v2 504 $aBibliografia p. 235-242. 650 4$aMulticulturalismo.$0(OLS)http://pul/subject/23034 650 4$aDonna$xQuestioni sociali e morali$xIslam.$0(OLS)http://pul/subject/28017 700 1 $aQuagliariello, Gaetano,$d1960-$0(OLS)http://pul/name/70136 830 3$aIl Cenacolo dei Filosofi ;$v2.$0(OLS)http://pul/title/156088 850 $aPUL 852 $aPUL$W1$xDP2 Diritto e Scienze Sociali 3$y110$m305. 4 SBASO 1$j142654$qDDC 21$B141620$CPULBib$Z2$F141620 $H115195 $82 941 1 $a9 996 $6020$a978-88-8272-466-5$9(OLS)http://pul/number/146019 996 $6082$a305.4$9(OLS)http://pul/classification/583 996 $6245$aL'inganno :$bvittime del multiculturalismo$9(OLS)http://pul/title/156087 996 $6260$aSiena :$bCantagalli$9(OLS)http://pul/publisher/48759 LEADER 01551nam a2200349 a 4500 001 000000173481 003 CaOOAMICUS 005 20200525130846.0 008 200525s2019 it u000 u ita r 020 $a 978-88-6409-744-2* 032 $aLibriCat 040 $aPUL$bita 082 04$a340.1 245 13$aIl diritto e i diritti : $bil senso della legge e le leggi senza senso / $cCastellano ... [et al.] ; a cura di Stefano Fontana. 260 $aVerona :$bFede e cultura,$cİ2019. 300 $a190 p. ;$c21 cm 440 0$aCollana Atti$b(Fede e Cultura) ;$v12 504 $aBibliografia in nota. 650 4$aFilosofia del diritto.$0(OLS)http://pul/subject/620 700 1 $aCastellano, Danilo.$0(OLS)http://pul/name/38411 700 1 $aFontana, Stefano.$0(OLS)http://pul/name/33225 830 0$aCollana Atti$b(Fede e Cultura) ;$v12.$0(OLS)http://pul/title/212379 850 $aPUL 852 $aPUL$W1$xSL Diritto e Scienze Sociali 3$y79$m340. 1 FONST 1$j197472$qDDC 21$B202256$CPULBib$Z2$F202256 $H134204 $82 941 1 $a9 960 $aDiritto$xFilosofia$9620 996 $6020$a 978-88-6409-744-2*$9(OLS)http://pul/number/167482 996 $6082$a340.1$9(OLS)http://pul/classification/476 996 $6245$aIl diritto e i diritti : $bil senso della legge e le leggi senza senso / $9(OLS)http://pul/title/214665 996 $6440$aCollana Atti$b(Fede e Cultura)$9(OLS)http://pul/title/212379 996 $6260$aVerona :$bFede e cultura$9(OLS)http://pul/publisher/87157